Mastering Delphi 2 for Windows 95/NT (Record no. 13605)

000 -LEADER
fixed length control field 01079cam a2200313 a 4500
001 - CONTROL NUMBER
control field 1618830
005 - DATE AND TIME OF LATEST TRANSACTION
control field 20170105102425.0
006 - FIXED-LENGTH DATA ELEMENTS--ADDITIONAL MATERIAL CHARACTERISTICS
fixed length control field m b
008 - FIXED-LENGTH DATA ELEMENTS--GENERAL INFORMATION
fixed length control field 960403s1996 caua 001 0 eng d
010 ## - LIBRARY OF CONGRESS CONTROL NUMBER
LC control number 95073074
020 ## - INTERNATIONAL STANDARD BOOK NUMBER
International Standard Book Number 0782118607 (pbk.) :
Terms of availability $49.99
035 ## - SYSTEM CONTROL NUMBER
System control number (OCoLC)34556986
035 ## - SYSTEM CONTROL NUMBER
System control number 3645-83760
040 ## - CATALOGING SOURCE
Original cataloging agency OCo
Transcribing agency OCo
Modifying agency NBuBE
-- DLC
042 ## - AUTHENTICATION CODE
Authentication code lccopycat
050 04 - LIBRARY OF CONGRESS CALL NUMBER
Classification number QA76.76.D47
Item number C365 1996
100 1# - MAIN ENTRY--PERSONAL NAME
Personal name Cantù, Marco.
245 10 - TITLE STATEMENT
Title Mastering Delphi 2 for Windows 95/NT
Statement of responsibility, etc. Marco Cantù.
260 ## - PUBLICATION, DISTRIBUTION, ETC.
Place of publication, distribution, etc. San Francisco :
Name of publisher, distributor, etc. Sybex,
Date of publication, distribution, etc. c1996.
300 ## - PHYSICAL DESCRIPTION
Extent xli, 1043 p. :
Other physical details ill. ;
Dimensions 23 cm. +
Accompanying material 1 computer laser optical disc (4 3/4 in.)
500 ## - GENERAL NOTE
General note Includes index.
630 #0 - SUBJECT ADDED ENTRY--UNIFORM TITLE
Uniform title Delphi (Computer file)
630 00 - SUBJECT ADDED ENTRY--UNIFORM TITLE
Uniform title Microsoft Windows NT.
630 00 - SUBJECT ADDED ENTRY--UNIFORM TITLE
Uniform title Microsoft Windows (Computer file)
650 #0 - SUBJECT ADDED ENTRY--TOPICAL TERM
Topical term or geographic name entry element Computer software
General subdivision Development.
906 ## - LOCAL DATA ELEMENT F, LDF (RLIN)
a 7
b cbc
c copycat
d 2
e opcn
f 19
g y-gencatlg
942 ## - ADDED ENTRY ELEMENTS (KOHA)
Source of classification or shelving scheme
Koha item type Book
Holdings
Withdrawn status Lost status Damaged status Not for loan Collection code Permanent Location Current Location Shelving location Date acquired Source of acquisition Total Checkouts Full call number Barcode Date last seen Price effective from Koha item type
          Central Library (CL) Central Library (CL) First Floor - Software Engineering/ Programming Language 07/12/2016 Donation   005.265 CAN SEECSD01317 07/15/2016 07/15/2016 Book
© 2023 Central Library, National University of Sciences and Technology. All Rights Reserved.